Casa de Comedias del Hospital Real (Record no. 4612)

MARC details
000 -CABECERA
campo de control de longitud fija 01930nam a2200385 a 4500
001 - NÚMERO DE CONTROL
campo de control BRCA_4918
005 - FECHA Y HORA DE LA ÚLTIMA TRANSACCIÓN
campo de control 20190320204847.0
008 - DATOS DE LONGITUD FIJA--INFORMACIÓN GENERAL
campo de control de longitud fija 201010m18751879mx-######v---#000-0#spa-#
041 ## - CÓDIGO DE LENGUA
Código de lengua del texto/banda sonora o título independiente spa
044 ## - CÓDIGO DEL PAÍS DE LA ENTIDAD EDITORA/PRODUCTORA
Código MARC del país mx
084 ## - OTRO NÚMERO DE CLASIFICACIÓN
Número de clasificación DOC46
Número de documento/Ítem .G67
-- 1875
100 1# - ENTRADA PRINCIPAL--NOMBRE DE PERSONA
Nombre de persona Gorráez, José de
9 (RLIN) 12458
245 10 - MENCIÓN DE TÍTULO
Título Casa de Comedias del Hospital Real
Mención de responsabilidad, etc. José de Gorraéz ... [et al.].
260 ## - PUBLICACIÓN, DISTRIBUCIÓN, ETC.
Lugar de publicación, distribución, etc. México
Fecha de publicación, distribución, etc. 1875-1879
300 ## - DESCRIPCIÓN FÍSICA
Extensión [193] fojas
Dimensiones 30 x 20 cm.
500 ## - NOTA GENERAL
Nota general Documento integro firmado en 10 agosto de 1875.
500 ## - NOTA GENERAL
Nota general Tomado de la portada: ´Expediente relativo a la Jurisdicción privativa que tienen los señores Oydores que turnan como Juezes en cada un año en la Casa de comedias de esta Capital, en el que se comprehenden varios abusos permitidos a ella, para cuio remedio propone lo oportuno el señor Bizentte de Herrera´.
500 ## - NOTA GENERAL
Nota general Contiene sellos con el escudo de la casa de Borbón y lema: ´SELLO QUARTO. UN CUARTILLO. AÑOS DE MIL SETECIENTOS Y SETENTA Y QUATRO Y SETENTA Y CINCO´.
500 ## - NOTA GENERAL
Nota general El documento contiene la leyenda DOC.# 56.
500 ## - NOTA GENERAL
Nota general Papel con marca de agua.
500 ## - NOTA GENERAL
Nota general Estado de conservación: contiene manchas de acidez, manchas por humedad, roturas provocadas por insectos y por fuego y finalmente márgenes deteriorados.
506 0# - NOTA DE RESTRICCIONES AL ACCESO
Limitaciones de acceso Fondo Reservado. Para su consulta es necesario credencial de usuario y carta de motivos.
546 ## - NOTA DE LENGUA/LENGUAJE
Nota de lengua/lenguaje Texto en: español de finales del siglo XIX.
600 14 - PUNTO DE ACCESO ADICIONAL DE MATERIA--NOMBRE DE PERSONA
Nombre de persona Gorráez, José de
Subdivisión general Historia
9 (RLIN) 12459
650 14 - PUNTO DE ACCESO ADICIONAL DE MATERIA--TÉRMINO DE MATERIA
Término de materia o nombre geográfico como elemento de entrada Documentos legales
Subdivisión de forma Manuscrito
Subdivisión general Historia
9 (RLIN) 12460
651 #4 - PUNTO DE ACCESO ADICIONAL DE MATERIA--NOMBRE GEOGRÁFICO
Nombre geográfico México
Subdivisión general Historia
Subdivisión cronológica Colonia, 1521-1821
9 (RLIN) 12461
700 1# - PUNTO DE ACCESO ADICIONAL--NOMBRE DE PERSONA
Nombre de persona Herrera, Bizentte de
9 (RLIN) 12462
700 1# - PUNTO DE ACCESO ADICIONAL--NOMBRE DE PERSONA
Nombre de persona Viana, Francisco Leandro de
9 (RLIN) 12463
700 1# - PUNTO DE ACCESO ADICIONAL--NOMBRE DE PERSONA
Nombre de persona López Agurto, Sancho
9 (RLIN) 12464
700 1# - PUNTO DE ACCESO ADICIONAL--NOMBRE DE PERSONA
Nombre de persona Zarazua, Juan José
9 (RLIN) 12465
700 1# - PUNTO DE ACCESO ADICIONAL--NOMBRE DE PERSONA
Nombre de persona Zuñiga, Jorge Anastacio de
9 (RLIN) 12466
700 1# - PUNTO DE ACCESO ADICIONAL--NOMBRE DE PERSONA
Nombre de persona Barrios, Jacinto
9 (RLIN) 12467
902 ## - CATALOGADOR
Iniciales FDH
942 ## - ELEMENTOS DE PUNTO DE ACCESO ADICIONAL (KOHA)
Fuente del sistema de clasificación o colocación Library of Congress Classification
Tipo de ítem Koha Documentos
Holdings
Estado de retiro Estado de pérdida Estado dañado No para préstamo Localización permanente Ubicación/localización actual Fecha de adquisición Total de préstamos Signatura topográfica completa Código de barras Fecha visto por última vez Precio válido a partir de Tipo de ítem Koha
El ejemplar forma parte de la colección y puede ser consultado según las políticas vigentes.       Biblioteca del Museo Franz Mayer (Rogerio Casas-Alatriste) Biblioteca del Museo Franz Mayer (Rogerio Casas-Alatriste) 20/10/2010   DOC46 .G67 1875 4979 22/03/2019 22/03/2019 Documentos